[Event "TUR-ch Seniors 65"]
[Site "Ankara"]
[Date "2023.05.25"]
[Round "7"]
[White "Sancak, Ismet"]
[Black "Kocak, Mustafa Sabri"]
[Result "1/2-1/2"]
[WhiteElo "1832"]
[BlackElo "2036"]
[PlyCount "166"]
[EventDate "2023.05.19"]
[EventType "swiss"]
[EventRounds "9"]
[EventCountry "TUR"]
[SourceTitle "CBM 214 Extra"]
[Source "ChessBase"]
[SourceDate "2023.07.31"]
[SourceVersion "1"]
[SourceVersionDate "2023.07.31"]
[SourceQuality "1"]

1. e4 c5 2. Nf3 Nc6 3. d4 cxd4 4. Nxd4 Nf6 5. Nc3 e5 6. Ndb5 d6 7. Bg5 a6 8. Na3 b5 9. Nd5 Be7 10. Bxf6 Bxf6 11. c3 0-0 12. Bd3 Bg5 13. Nc2 Ne7 14. Ncb4 Bb7 15. h4 Nxd5 16. exd5 Bh6 17. Qc2 g6 18. h5 Kg7 19. hxg6 fxg6 20. Be4 Rf4 21. g3 Rf7 22. Qe2 Qg5 23. Rh2 Raf8 24. Nd3 Bc8 25. Rh4 Bf5 26. Kd1 Bxe4 27. Rxe4 Qf5 28. Kc2 Qf3 29. Rf1 Bg5 30. Ne1 Qxe2+ 31. Rxe2 Bd8 32. f3 h5 33. Re4 g5 34. Rh1 Kg6 35. Kd3 Bb6 36. Rh2 Bg1 37. Rg2 Bb6 38. a3 a5 39. Rc2 Rc8 40. b4 a4 41. Rce2 Rfc7 42. Rc2 Rc4 43. Rxc4 Rxc4 44. Ng2 Kf5 45. Re2 h4 46. g4+ Kf6 47. Ne1 Rc8 48. Rh2 Rc4 49. Ng2 Bg1 50. Rh1 Bb6 51. Rh3 Bf2 52. Rh1 Bb6 53. Ne1 Bf2 54. Ng2 Bb6 55. Rh3 Bf2 56. Rh2 Bg1 57. Rh1 Bf2 58. Rf1 Bb6 59. Ne1 Ba7 60. Kd2 Bb6 61. Nd3 Kg6 62. Nb2 Rf4 63. Nd3 Rc4 64. Nb2 Rf4 65. Nd3 Rc4 66. Re1 Kf6 67. Re2 Ba7 68. Re1 Bb6 69. Re2 Ba7 70. Ne1 Bb6 71. Kd3 Ba7 72. Rh2 Bb6 73. Rc2 Ba7 74. Ng2 Bb6 75. Ne3 Bxe3 76. Kxe3 Kg6 77. Kd3 Kf6 78. Re2 Rf4 79. Ke3 Rc4 80. Rc2 Ke7 81. Kd3 Rf4 82. Ke3 Rc4 83. Kd3 Rf4 1/2-1/2

[Event "TUR-ch Seniors 65"]
[Site "Ankara"]
[Date "2023.05.23"]
[Round "5"]
[White "Kocak, Mustafa Sabri"]
[Black "Bapoglu, Ibrahim"]
[Result "1-0"]
[WhiteElo "2036"]
[BlackElo "1433"]
[PlyCount "63"]
[EventDate "2023.05.19"]
[EventType "swiss"]
[EventRounds "9"]
[EventCountry "TUR"]
[SourceTitle "CBM 214 Extra"]
[Source "ChessBase"]
[SourceDate "2023.07.31"]
[SourceVersion "1"]
[SourceVersionDate "2023.07.31"]
[SourceQuality "1"]

1. e4 g6 2. d4 d6 3. Nc3 Bg7 4. Be3 Nf6 5. Qd2 h5 6. h3 c6 7. a4 a6 8. Nf3 Nfd7 9. Bd3 Qc7 10. 0-0 0-0 11. Bh6 e5 12. Bxg7 Kxg7 13. a5 Re8 14. Rfe1 Qd8 15. Bc4 Qf6 16. Rad1 b5 17. Bf1 Nf8 18. dxe5 dxe5 19. Qe3 Nbd7 20. Rd2 Qe7 21. Nd1 Ne6 22. c3 Nec5 23. b4 Ne6 24. Qd3 c5 25. Qd6 cxb4 26. cxb4 Nd4 27. Nxd4 Qxd6 28. Nf5+ gxf5 29. Rxd6 fxe4 30. Rxe4 Nf6 31. Re3 Bf5 32. Bd3 1-0

[Event "TUR-ch Seniors 65"]
[Site "Ankara"]
[Date "2023.05.21"]
[Round "3"]
[White "Kocak, Mustafa Sabri"]
[Black "Topaloglu, Hayati"]
[Result "1-0"]
[WhiteElo "2036"]
[BlackElo "1674"]
[PlyCount "59"]
[EventDate "2023.05.19"]
[EventType "swiss"]
[EventRounds "9"]
[EventCountry "TUR"]
[SourceTitle "CBM 214 Extra"]
[Source "ChessBase"]
[SourceDate "2023.07.31"]
[SourceVersion "1"]
[SourceVersionDate "2023.07.31"]
[SourceQuality "1"]

1. e4 e6 2. d4 d5 3. Nc3 Nf6 4. e5 Nfd7 5. f4 c5 6. Nf3 Nc6 7. Be3 a6 8. Qd2 cxd4 9. Nxd4 Nxd4 10. Bxd4 b5 11. a3 Bb7 12. Qe3 Be7 13. Bd3 Rc8 14. b4 Rc6 15. Ne2 Nb6 16. 0-0 Nc4 17. Qg3 g6 18. Rfd1 f5 19. exf6 Bxf6 20. Bxg6+ Kd7 21. Bh5 Nd6 22. Bg4 Ne4 23. Qd3 Rc4 24. Qxe4 Bxd4+ 25. Rxd4 Qb6 26. Qe3 Ke7 27. c3 h5 28. Bh3 Rh6 29. f5 Rf6 30. Rf1 1-0